[Event "Florianopolis op 3rd"]
[Site "Florianopolis"]
[Date "2017.01.20"]
[Round "1"]
[White "Corvalao, Eder Daniel"]
[Black "Stedile Neto, Ernesto"]
[Result "1-0"]
[WhiteElo "1843"]
[BlackElo "1969"]
[PlyCount "106"]
[EventDate "2017.01.20"]
[EventType "swiss"]
[EventRounds "10"]
[EventCountry "BRA"]
[SourceTitle "CBM 176 Extra"]
[Source "ChessBase"]
[SourceDate "2017.03.02"]
[SourceVersion "1"]
[SourceVersionDate "2017.03.02"]
[SourceQuality "1"]

1. e4 e5 2. Nf3 Nc6 3. Bc4 Nf6 4. d3 Be7 5. 0-0 0-0 6. c3 d5 7. exd5 Nxd5 8. Re1 Bg4 9. h3 Bh5 10. g4 Bg6 11. Nxe5 Nxe5 12. Rxe5 Nb6 13. Bb3 Bd6 14. Bg5 Qd7 15. Re3 Rae8 16. d4 Rxe3 17. Bxe3 h5 18. Nd2 Re8 19. Qf3 hxg4 20. hxg4 Bd3 21. Kg2 Re6 22. Qh3 Rg6 23. f3 Qe7 24. Rh1 Rh6 25. Bxh6 Qe2+ 26. Kg1 gxh6 27. Qg2 Qe1+ 28. Nf1 Bxf1 29. Qf2 Qxf2+ 30. Kxf2 Bd3 31. Ke3 Bc4 32. Rxh6 Kg7 33. Rh5 Bxb3 34. axb3 Nd7 35. c4 b6 36. Rf5 Be7 37. Kf4 Bd6+ 38. Ke3 Be7 39. Kd3 c5 40. Rd5 Nf8 41. dxc5 Bxc5 42. Ke4 Nh7 43. g5 Kg6 44. f4 Nf8 45. Rd8 f6 46. gxf6 Kxf6 47. f5 Nh7 48. Rd7 Ng5+ 49. Kf4 a5 50. Rd8 Nh7 51. Re8 Bd6+ 52. Ke4 Ng5+ 53. Kd5 Bb4 1-0

[Event "Curitiba op"]
[Site "Curitiba"]
[Date "2016.04.23"]
[Round "5"]
[White "Stedile Neto, Ernesto"]
[Black "Rothebarth, Ana Vitoria de Paul"]
[Result "1/2-1/2"]
[WhiteElo "1800"]
[BlackElo "2058"]
[PlyCount "83"]
[EventDate "2016.04.21"]
[EventType "swiss"]
[EventRounds "7"]
[EventCountry "BRA"]
[SourceTitle "CBM 172 Extra"]
[Source "ChessBase"]
[SourceDate "2016.06.21"]
[SourceVersion "1"]
[SourceVersionDate "2016.06.21"]
[SourceQuality "1"]

1. e4 e5 2. Nf3 Nc6 3. Bc4 Bc5 4. 0-0 Nf6 5. d4 Bxd4 6. Nxd4 Nxd4 7. f4 d6 8. fxe5 dxe5 9. Bg5 Be6 10. Na3 Qe7 11. Bxf6 gxf6 12. c3 Bxc4 13. Nxc4 Ne6 14. b4 Nf4 15. Ne3 Rg8 16. g3 Qd7 17. Qxd7+ Kxd7 18. Kh1 Nh5 19. Rad1+ Ke6 20. Nd5 Rac8 21. Rf5 Rg5 22. g4 c6 23. Rxg5 fxg5 24. Ne3 Ng7 25. Nc4 f6 26. a4 Ne8 27. a5 Ke7 28. Ne3 Nd6 29. c4 Rc7 30. Nf5+ Nxf5 31. gxf5 Rd7 32. Rxd7+ Kxd7 33. Kg2 Ke7 34. Kh3 c5 35. b5 h5 36. Kg3 Kf7 37. Kh3 Kg7 38. Kg3 Kh6 39. Kh3 b6 40. a6 Kh7 41. Kg3 g4 42. Kh4 1/2-1/2